Medaliści BK na żużlu w latach 2001-2020 - Statystyki

Ogólne statystyki
  • Ten quiz został rozwiązany 28 razy
  • Średni wynik to 35 z 63
Statystyki odpowiedzi
Rok Miasto Złoto % Poprawnych
2018 Gniezno Dominik Kubera
100%
2016 Opole Bartosz Smektała
91%
Bartosz Smektała
91%
2017 Świętochłowice Dominik Kubera
91%
2019 Grudziądz Jakub Miśkowiak
91%
2021 Gdańsk Mateusz Cierniak
91%
Wiktor Lampart
91%
Jakub Miśkowiak
82%
Patryk Dudek
82%
2010 Leszno Patryk Dudek
82%
Wiktor Lampart
82%
Bartosz Zmarzlik
73%
Karol Żupiński
73%
2009 Wrocław Maciej Janowski
73%
Maciej Janowski
73%
Michał Curzytek
73%
2011 Częstochowa Patryk Dudek
73%
Piotr Pawlicki
73%
Piotr Pawlicki
73%
Sebastian Szostak
73%
2014 Lublin Adrian Cyfer
64%
Bartłomiej Kowalski
64%
Kacper Woryna
64%
Kacper Woryna
64%
2012 Gdańsk Krystian Pieszczek
64%
2013 Łódź Krystian Pieszczek
64%
Krystian Pieszczek
64%
2015 Rawicz Maksym Drabik
64%
2020 Ostrów Mateusz Cierniak
64%
Piotr Pawlicki
64%
Daniel Kaczmarek
55%
2003 Toruń Janusz Kołodziej
55%
Maciej Janowski
55%
Oskar Fajfer
55%
Wiktor Lis
55%
Damian Dróżdż
45%
Krzysztof Kasprzak
45%
Krzysztof Kasprzak
45%
Patryk Pawlaszczyk
45%
Paweł Hlib
45%
2004 Lublin Adrian Miedziński
36%
Alex Zgardziński
36%
2008 Gdańsk Artur Mroczka
36%
Kacper Gomólski
36%
Krzysztof Buczkowski
36%
Łukasz Sówka
36%
Michał Mitko
36%
Michał Rajkowski
36%
2005 Zielona Góra Patryk Pawlaszczyk
36%
Paweł Hlib
36%
Przemysław Pawlicki
36%
2001 Gorzów Rafał Szombierski
36%
Zbigniew Czerwiński
36%
2007 Gorzów Adam Kajoch
27%
Marcin Jędrzejewski
27%
Marcin Jędrzejewski
27%
Mateusz Jurga
27%
2006 Opole Mateusz Szczepaniak
27%
2002 Tarnów Robert Umiński
27%
Norbert Kościuch
18%
Robert Miśkowiak
18%
Adrian Szewczykowski
9%
Patryk Wojdyło
9%
Nie znaleziono quizów pasujących do podanych kryteriów
Rozkład punktacji
Procent ludzi z każdym wynikiem
Percentyl według liczby udzielonych odpowiedzi
Twoja historia wyników
Nie rozwiązałeś tego quizu